|
|
|
|
| LEADER |
00000nam0a2200000 4500 |
| 001 |
143575 |
| 005 |
20231101221034.0 |
| 010 |
|
|
|a 9785170500222
|b (АСТ)
|b 4000 экз.
|b (Восток-Запад)
|
| 010 |
|
|
|a 978-5-478-00754-6
|
| 021 |
|
|
|a RU
|b 08-14714
|9 08-799
|
| 035 |
|
|
|a (RuTPU)RU\TPU\book\155589
|
| 090 |
|
|
|a 143575
|
| 100 |
|
|
|a 20080404d2008 m y0rusy5002 ca
|
| 101 |
0 |
|
|a chi
|a rus
|
| 102 |
|
|
|a RU
|a CN
|
| 105 |
|
|
|a y j 000zy
|
| 200 |
1 |
|
|a 500 обиходных выражений
|e [учебное пособие]
|
| 210 |
|
|
|a Москва
|c АСТ
|c Восток-Запад
|a Пекин
|c New World Press
|d 2008
|
| 215 |
|
|
|a 378 с.
|
| 225 |
1 |
|
|a Разговорный китайский
|
| 330 |
|
|
|a Пособие включает более 500 выражений китайского языка, активно используемых в повседневной разговорной речи. Каждое выражение, помимо развернутого перевода, сопровождается примерами и диалогом, иллюстрирующими его применение. Примеры снабжены транскрипцией и переводом на русский язык, что делает восприятие материала максимально удобным. Издание подготовлено совместно китайскими и российскими специалистами и предназначено для широкого круга лиц, изучающих китайский язык.
|
| 606 |
0 |
|
|a Китайско-русские разговорники
|2 RuMRKP
|
| 606 |
1 |
|
|a Китайский язык
|2 stltpush
|3 (RuTPU)RU\TPU\subj\14450
|9 40833
|
| 610 |
1 |
|
|a лексика
|
| 610 |
1 |
|
|a разговорники
|
| 610 |
1 |
|
|a словари
|
| 610 |
1 |
|
|a Китай
|
| 686 |
|
|
|a Ш171.11-4
|v LBC/SL-A
|2 rubbk
|
| 801 |
|
1 |
|a RU
|b 63413507
|c 20080919
|g PSBO
|
| 801 |
|
2 |
|a RU
|b 63413507
|c 20100607
|g PSBO
|
| 942 |
|
|
|c BK
|
| 959 |
|
|
|a 73/20080716
|d 1
|e 183,00
|f ЧЗИЛ:1
|